[Event "Mitropa Cup 25th"]
[Site "Brno"]
[Date "2006.09.13"]
[Round "7.5"]
[White "Meszaros, Michal"]
[Black "Borgo, Giulio"]
[Result "1-0"]
[WhiteElo "2420"]
[BlackElo "2414"]
[PlyCount "99"]
[EventDate "2006.09.07"]
[EventType "team-tourn"]
[EventRounds "9"]
[EventCountry "CZE"]
[Source "ChessBase"]
[SourceDate "2006.11.03"]
[WhiteTeam "Slovakia"]
[BlackTeam "Italy"]
[WhiteTeamCountry "SVK"]
[BlackTeamCountry "ITA"]

1. e4 c5 2. Nf3 Nc6 3. d4 cxd4 4. Nxd4 d5 5. Bb5 dxe4 6. Nxc6 Qxd1+ 7. Kxd1 a6
8. Ba4 Bd7 9. Nc3 Bxc6 10. Bxc6+ bxc6 11. Nxe4 e5 12. Ke2 Nf6 13. Nxf6+ gxf6
14. Be3 Kd7 15. Rhd1+ Ke6 16. Rd3 Be7 17. Rc3 Rhb8 18. Rb1 Rc8 19. Bc5 Bxc5 20.
Rxc5 Rc7 21. Rd1 Rg8 22. g3 Rb8 23. b3 f5 24. Rd3 f6 25. a4 h5 26. f4 Re8 27.
h4 Rcc8 28. Ke3 Rg8 29. Kd2 Rg7 30. Ke2 Re7 31. b4 Rb7 32. fxe5 fxe5 33. Re3 e4
34. Rb3 Rb6 35. Ke3 Rg8 36. Ke2 Rgb8 37. c3 Rg8 38. Kf2 Rc8 39. Rb2 Rb7 40. Rd2
Rcc7 41. Rd8 Rd7 42. Rxc6+ Ke7 43. Rxd7+ Rxd7 44. Rxa6 Rd2+ 45. Kf1 Rd3 46. Kg2
Rxc3 47. Rh6 Rc2+ 48. Kf1 Rb2 49. b5 Rb4 50. b6 1-0

[Event "Mitropa Cup 25th"]
[Site "Brno"]
[Date "2006.09.14"]
[Round "8.3"]
[White "Bosiocic, Marin"]
[Black "Bogner, Sebastian"]
[Result "1-0"]
[WhiteElo "2433"]
[BlackElo "2318"]
[PlyCount "63"]
[EventDate "2006.09.07"]
[EventType "team-tourn"]
[EventRounds "9"]
[EventCountry "CZE"]
[Source "ChessBase"]
[SourceDate "2006.11.03"]
[WhiteTeam "Croatia"]
[BlackTeam "Germany"]
[WhiteTeamCountry "CRO"]
[BlackTeamCountry "GER"]

1. e4 e5 2. Nf3 Nf6 3. Nc3 d6 4. d4 exd4 5. Nxd4 c5 6. Nde2 Nc6 7. h3 Be7 8. g4
a6 9. Bg2 O-O 10. O-O Bd7 11. Ng3 Nd4 12. Be3 Nb5 13. Nce2 Nc7 14. g5 Nfe8 15.
f4 g6 16. h4 f6 17. Qd2 Bc6 18. c4 b5 19. b3 Rb8 20. f5 bxc4 21. bxc4 Ng7 22.
Rf2 Na8 23. Rc1 Qc7 24. h5 gxh5 25. g6 h4 26. Bxc5 Ne8 27. Qh6 Bd8 28. Nh5 dxc5
29. Nef4 Qe7 30. Ne6 Rb7 31. gxh7+ Kh8 32. Nxf8 1-0

[Event "Mitropa Cup 25th"]
[Site "Brno"]
[Date "2006.09.14"]
[Round "8.3"]
[White "Braun, Arik"]
[Black "Jankovic, Alojzije"]
[Result "1-0"]
[WhiteElo "2526"]
[BlackElo "2525"]
[PlyCount "101"]
[EventDate "2006.09.07"]
[EventType "team-tourn"]
[EventRounds "9"]
[EventCountry "CZE"]
[Source "ChessBase"]
[SourceDate "2006.11.03"]
[WhiteTeam "Germany"]
[BlackTeam "Croatia"]
[WhiteTeamCountry "GER"]
[BlackTeamCountry "CRO"]

1. d4 Nf6 2. c4 g6 3. Nc3 Bg7 4. e4 d6 5. f3 O-O 6. Be3 c5 7. d5 e6 8. Nge2
exd5 9. cxd5 Nbd7 10. Nc1 Ne8 11. Qd2 Qh4+ 12. Bf2 Qh6 13. Be3 Qh4+ 14. Bf2 Qh6
15. Nd3 Qxd2+ 16. Kxd2 f5 17. Bg3 Bh6+ 18. Kc2 f4 19. Bf2 Bg7 20. a4 c4 21. Nb4
Ne5 22. Nb5 a6 23. Nd4 Nc7 24. Be2 Bd7 25. Kd2 a5 26. Nbc2 Na6 27. Nb5 Bxb5 28.
axb5 Nb4 29. Nxb4 axb4 30. b6 Rfc8 31. Ra7 Nd7 32. Bxc4 Nxb6 33. Bxb6 Rxa7 34.
Bxa7 Rxc4 35. Rc1 Rxc1 36. Kxc1 b3 37. Bb6 Kf7 38. Ba5 Bd4 39. Bc3 Be3+ 40. Bd2
Bxd2+ 41. Kxd2 g5 42. Kc3 h5 43. Kxb3 Ke8 44. Kc4 Ke7 45. Kb5 Kd8 46. Kb6 Kc8
47. h3 Kb8 48. Kb5 Kc7 49. Kc4 Kd7 50. Kd4 Ke7 51. e5 1-0

[Event "Mitropa Cup 25th"]
[Site "Brno"]
[Date "2006.09.14"]
[Round "8.3"]
[White "Brener, Ilja"]
[Black "Saric, Ante"]
[Result "1-0"]
[WhiteElo "2327"]
[BlackElo "2475"]
[PlyCount "123"]
[EventDate "2006.09.07"]
[EventType "team-tourn"]
[EventRounds "9"]
[EventCountry "CZE"]
[Source "ChessBase"]
[SourceDate "2006.11.03"]
[WhiteTeam "Germany"]
[BlackTeam "Croatia"]
[WhiteTeamCountry "GER"]
[BlackTeamCountry "CRO"]

1. e4 e5 2. Nf3 Nf6 3. Nxe5 d6 4. Nf3 Nxe4 5. Nc3 Nxc3 6. dxc3 Be7 7. Bf4 Nc6
8. Qd2 Bf5 9. O-O-O O-O 10. Bd3 Qd7 11. h3 Rae8 12. Rhe1 Bf6 13. g4 Bxd3 14.
Qxd3 Re6 15. g5 Bd8 16. Rg1 Rfe8 17. h4 Re4 18. Bd2 Qe6 19. b3 Qg6 20. Qb5 Kf8
21. Qxb7 Qf5 22. Qxc6 Qxf3 23. Rge1 Re3 24. Qxf3 Rxf3 25. Rxe8+ Kxe8 26. Be3 f6
27. Rd4 fxg5 28. hxg5 Rf5 29. Rg4 Kf7 30. Kd2 Kg6 31. f4 a6 32. c4 Rf7 33. Rg1
Kf5 34. Rh1 g6 35. Ke2 c6 36. Rd1 Ke6 37. b4 Rb7 38. c3 Bc7 39. a3 Bb8 40. Kf3
d5 41. c5 Re7 42. c4 dxc4 43. Rd4 Rd7 44. Rxc4 Rd3 45. Re4+ Kf7 46. Rd4 Rxd4
47. Bxd4 Ke6 48. Ke4 Bc7 49. Be5 Bd8 50. a4 Be7 51. Kd4 Bf8 52. Kc4 h5 53. gxh6
Bxh6 54. b5 axb5+ 55. axb5 cxb5+ 56. Kxb5 g5 57. c6 gxf4 58. Kb6 f3 59. c7 Be3+
60. Kb7 Kxe5 61. c8=Q Kf4 62. Qh3 1-0

[Event "Mitropa Cup 25th"]
[Site "Brno"]
[Date "2006.09.14"]
[Round "8.3"]
[White "Brkic, Ante"]
[Black "Meier, Georg"]
[Result "1/2-1/2"]
[WhiteElo "2547"]
[BlackElo "2450"]
[PlyCount "47"]
[EventDate "2006.09.07"]
[EventType "team-tourn"]
[EventRounds "9"]
[EventCountry "CZE"]
[Source "ChessBase"]
[SourceDate "2006.11.03"]
[WhiteTeam "Croatia"]
[BlackTeam "Germany"]
[WhiteTeamCountry "CRO"]
[BlackTeamCountry "GER"]

1. e4 e6 2. d4 d5 3. Nc3 dxe4 4. Nxe4 Nd7 5. Nf3 Ngf6 6. Bd3 c5 7. O-O Nxe4 8.
Bxe4 Nf6 9. Bg5 cxd4 10. Qe2 Qb6 11. Bxf6 gxf6 12. Rad1 Bg7 13. Nxd4 O-O 14. c3
Bd7 15. Bb1 Rad8 16. Qc2 f5 17. g4 Bxd4 18. Rxd4 Bc6 19. Qd2 Rxd4 20. Qg5+ Kh8
21. Qf6+ Kg8 22. Qg5+ Kh8 23. Qf6+ Kg8 24. Qg5+ 1/2-1/2

[Event "Mitropa Cup 25th"]
[Site "Brno"]
[Date "2006.09.14"]
[Round "8.4"]
[White "Banusz, Tamas"]
[Black "Kalod, Radek"]
[Result "1/2-1/2"]
[WhiteElo "2480"]
[BlackElo "2512"]
[PlyCount "221"]
[EventDate "2006.09.07"]
[EventType "team-tourn"]
[EventRounds "9"]
[EventCountry "CZE"]
[Source "ChessBase"]
[SourceDate "2006.11.03"]
[WhiteTeam "Hungary"]
[BlackTeam "Czech Republic"]
[WhiteTeamCountry "HUN"]
[BlackTeamCountry "CZE"]

1. d4 Nf6 2. c4 g6 3. Nf3 Bg7 4. g3 O-O 5. Nc3 d5 6. cxd5 Nxd5 7. Bg2 Nb6 8.
O-O Nc6 9. e3 Re8 10. d5 Na5 11. Nd4 Bd7 12. e4 c6 13. Re1 cxd5 14. exd5 Rc8
15. Bf4 Nac4 16. b3 Nd6 17. Rc1 Nf5 18. Nde2 h6 19. h4 h5 20. Qd2 Nd6 21. Nd4
a6 22. Nf3 Rxc3 23. Rxc3 Bxc3 24. Qxc3 Nxd5 25. Qe5 Nxf4 26. Qxf4 Bc6 27. Rd1
Rf8 28. Qg5 Qe8 29. Re1 Nf5 30. Ne5 Bxg2 31. Kxg2 Kg7 32. g4 hxg4 33. h5 Rh8
34. hxg6 Nh4+ 35. Kg3 f6 36. Qf4 Qb8 37. Nd3 Nf5+ 38. Kxg4 Rh4+ 39. Kxf5 Qc8+
40. Ke4 Qe6+ 41. Kf3 Rxf4+ 42. Kxf4 Qd6+ 43. Ke3 Kxg6 44. f3 Kf5 45. Rc1 b6 46.
Rc4 e5 47. Ra4 b5 48. Rb4 Qb6+ 49. Ke2 a5 50. Rg4 Qc6 51. Ne1 Qc3 52. Kf1 Ke6
53. Re4 f5 54. Re2 Kf6 55. Rc2 Qd4 56. Re2 Qd5 57. Kf2 Ke6 58. Ng2 Kd6 59. Ne1
Kc7 60. Rc2+ Kb6 61. Re2 a4 62. bxa4 b4 63. Nc2 Ka5 64. Ne3 Qd4 65. Kg2 Qd3 66.
Kf2 Kxa4 67. Nc2 Qc3 68. Ne3 Qd4 69. Kg2 Qf4 70. Nf1 Qg5+ 71. Kf2 Qh4+ 72. Kg2
Qf4 73. Nd2 Qg5+ 74. Kf2 Qh6 75. Nf1 Qg7 76. Ne3 Qf6 77. Nf1 Qb6+ 78. Kg2 Qb5
79. Kf2 Qc4 80. Ne3 Qf4 81. Ng2 Qd4+ 82. Kf1 Kb5 83. Ne1 Qf4 84. Kg2 Kc4 85.
Rc2+ Kd4 86. Rb2 Qg5+ 87. Kf1 Kc4 88. Rc2+ Kb5 89. Rb2 Qc1 90. Re2 e4 91. fxe4
Qf4+ 92. Rf2 Qxe4 93. Nf3 Ka4 94. Ng1 Ka3 95. Nf3 Qe3 96. Ng1 Qc1+ 97. Kg2 Qg5+
98. Kf1 Ka4 99. Nf3 Qh6 100. Ng1 Qh5 101. Nf3 Qh1+ 102. Ng1 Ka3 103. Re2 Qd5
104. Rf2 Qc4+ 105. Kg2 Qxa2 106. Rxa2+ Kxa2 107. Ne2 Kb1 108. Nd4 Kb2 109. Nc6
b3 110. Nd4 Kc3 111. Nxb3 1/2-1/2

[Event "Mitropa Cup 25th"]
[Site "Brno"]
[Date "2006.09.14"]
[Round "8.4"]
[White "Polak, Tomas"]
[Black "Papp, Gabor"]
[Result "1/2-1/2"]
[WhiteElo "2473"]
[BlackElo "2481"]
[PlyCount "52"]
[EventDate "2006.09.07"]
[EventType "team-tourn"]
[EventRounds "9"]
[EventCountry "CZE"]
[Source "ChessBase"]
[SourceDate "2006.11.03"]
[WhiteTeam "Czech Republic"]
[BlackTeam "Hungary"]
[WhiteTeamCountry "CZE"]
[BlackTeamCountry "HUN"]

1. d4 Nf6 2. c4 e6 3. Nf3 b6 4. g3 Ba6 5. b3 Bb4+ 6. Bd2 Be7 7. Nc3 O-O 8. Rc1
c5 9. Bg2 Bb7 10. d5 exd5 11. Nh4 Ne4 12. Nxd5 Bxd5 13. cxd5 Nd6 14. Bf4 f5 15.
Qd3 g6 16. O-O a5 17. Rfe1 Na6 18. a3 Nc7 19. Bxd6 Bxd6 20. e4 fxe4 21. Rxe4
Qg5 22. f4 Qf6 23. Bh3 Rae8 24. Rce1 Rxe4 25. Rxe4 Qf7 26. Nf3 Qxd5 1/2-1/2

[Event "Mitropa Cup 25th"]
[Site "Brno"]
[Date "2006.09.14"]
[Round "8.5"]
[White "Degraeve, Jean Marc"]
[Black "Bernasek, Jan"]
[Result "1/2-1/2"]
[WhiteElo "2540"]
[BlackElo "2459"]
[PlyCount "112"]
[EventDate "2006.09.07"]
[EventType "team-tourn"]
[EventRounds "9"]
[EventCountry "CZE"]
[Source "ChessBase"]
[SourceDate "2006.11.03"]
[WhiteTeam "France"]
[BlackTeam "Czech Republic II"]
[WhiteTeamCountry "FRA"]
[BlackTeamCountry "CZE"]

1. e4 c5 2. Nc3 a6 3. Nf3 d6 4. d4 cxd4 5. Nxd4 Nf6 6. Bc4 e6 7. Bb3 b5 8. O-O
Be7 9. Qf3 Qb6 10. Bg5 Nbd7 11. Rad1 Ne5 12. Qe2 O-O 13. a3 Bb7 14. Kh1 Nc6 15.
Nxc6 Qxc6 16. f3 Rac8 17. Rd4 Qc7 18. Rfd1 Rfd8 19. a4 Bc6 20. axb5 axb5 21.
Nxb5 Qa5 22. Nxd6 Qxg5 23. Nxc8 Rxc8 24. Qa6 Rc7 25. Qb6 Rd7 26. c3 Rxd4 27.
cxd4 Qb5 28. Qxb5 Bxb5 29. Ra1 Kf8 30. Kg1 Bd8 31. Ba4 Bc4 32. Rc1 Ba6 33. Kh1
Ke7 34. b4 Bb7 35. Bc6 Bxc6 36. Rxc6 Nd7 37. g3 Bb6 38. Rc4 f5 39. b5 fxe4 40.
fxe4 Nf6 41. Rc6 Bxd4 42. b6 Nd7 43. b7 Be5 44. Rc8 Nb8 45. Kg2 Kd7 46. Kf3 Bc7
47. e5 Kc6 48. Ke4 Nd7 49. Re8 Kxb7 50. Re7 Kc8 51. Rxg7 Bxe5 52. Rxh7 Nf6+ 53.
Kxe5 Nxh7 54. Kxe6 Kd8 55. Kf7 Ng5+ 56. Kg6 Nh3 1/2-1/2

[Event "Mitropa Cup 25th"]
[Site "Brno"]
[Date "2006.09.14"]
[Round "8.5"]
[White "Gozzoli, Yannick"]
[Black "Chytilek, Roman"]
[Result "1/2-1/2"]
[WhiteElo "2470"]
[BlackElo "2392"]
[PlyCount "34"]
[EventDate "2006.09.07"]
[EventType "team-tourn"]
[EventRounds "9"]
[EventCountry "CZE"]
[Source "ChessBase"]
[SourceDate "2006.11.03"]
[WhiteTeam "France"]
[BlackTeam "Czech Republic II"]
[WhiteTeamCountry "FRA"]
[BlackTeamCountry "CZE"]

1. d4 Nf6 2. c4 c5 3. d5 b5 4. Nf3 b4 5. a3 g6 6. axb4 cxb4 7. e4 Nxe4 8. Qd4
Nf6 9. Rxa7 Rxa7 10. Qxa7 Na6 11. Be3 d6 12. Nbd2 Bg7 13. Be2 O-O 14. O-O Qd7
15. Ra1 Qxa7 16. Bxa7 Nd7 17. Bd4 Ndc5 1/2-1/2

[Event "Mitropa Cup 25th"]
[Site "Brno"]
[Date "2006.09.14"]
[Round "8.5"]
[White "Kanovsky, David"]
[Black "Abergel, Thal"]
[Result "1/2-1/2"]
[WhiteElo "2368"]
[BlackElo "2477"]
[PlyCount "79"]
[EventDate "2006.09.07"]
[EventType "team-tourn"]
[EventRounds "9"]
[EventCountry "CZE"]
[Source "ChessBase"]
[SourceDate "2006.11.03"]
[WhiteTeam "Czech Republic II"]
[BlackTeam "France"]
[WhiteTeamCountry "CZE"]
[BlackTeamCountry "FRA"]

1. e4 c5 2. Nf3 d6 3. d4 cxd4 4. Nxd4 Nf6 5. Nc3 Nc6 6. Bg5 Bd7 7. Qd2 Rc8 8.
f4 h6 9. Bxf6 gxf6 10. O-O-O Nxd4 11. Qxd4 Qa5 12. Be2 h5 13. Kb1 h4 14. h3 Rg8
15. Bf3 Qc5 16. Qd3 Bh6 17. e5 Bxf4 18. exf6 Bf5 19. Ne4 Bxe4 20. Qxe4 Be5 21.
Rd5 Qc4 22. Qxc4 Rxc4 23. fxe7 b6 24. Re1 Kxe7 25. Re4 Rxe4 26. Bxe4 f5 27.
Bxf5 Rxg2 28. c3 Kf6 29. Bc8 Kg5 30. a4 Kf4 31. a5 Rg8 32. Be6 Re8 33. Bg4 bxa5
34. Rxa5 Re7 35. Kc2 Kg3 36. Kb3 Rf7 37. Kc2 Rg7 38. Be6 Bf4 39. Kd3 Re7 40.
Bg4 1/2-1/2

[Event "Mitropa Cup 25th"]
[Site "Brno"]
[Date "2006.09.14"]
[Round "8.5"]
[White "Klima, Lukas"]
[Black "Colin, Vincent"]
[Result "1/2-1/2"]
[WhiteElo "2443"]
[BlackElo "2415"]
[PlyCount "47"]
[EventDate "2006.09.07"]
[EventType "team-tourn"]
[EventRounds "9"]
[EventCountry "CZE"]
[Source "ChessBase"]
[SourceDate "2006.11.03"]
[WhiteTeam "Czech Republic II"]
[BlackTeam "France"]
[WhiteTeamCountry "CZE"]
[BlackTeamCountry "FRA"]

1. e4 c5 2. Nf3 g6 3. c3 Bg7 4. d4 cxd4 5. cxd4 d5 6. exd5 Nf6 7. Nc3 Nxd5 8.
Bc4 Nxc3 9. bxc3 O-O 10. O-O Nc6 11. Re1 Bg4 12. Rb1 Rc8 13. Bf1 Qd7 14. Bg5
Qf5 15. Bh4 Bxf3 16. gxf3 Rfd8 17. Bg3 Qd7 18. Qb3 Na5 19. Qb4 Qd5 20. Qxe7
Qxa2 21. Bb5 Bf8 22. Qe3 a6 23. Bf1 Qd5 24. Bh3 1/2-1/2

[Event "Mitropa Cup 25th"]
[Site "Brno"]
[Date "2006.09.14"]
[Round "8.2"]
[White "Lettieri, Giuseppe"]
[Black "Skoberne, Jure"]
[Result "0-1"]
[WhiteElo "2295"]
[BlackElo "2407"]
[PlyCount "110"]
[EventDate "2006.09.07"]
[EventType "team-tourn"]
[EventRounds "9"]
[EventCountry "CZE"]
[Source "ChessBase"]
[SourceDate "2006.11.03"]
[WhiteTeam "Italy"]
[BlackTeam "Slovenia"]
[WhiteTeamCountry "ITA"]
[BlackTeamCountry "SLO"]

1. d4 g6 2. c4 Bg7 3. Nc3 Nf6 4. e4 d6 5. f4 O-O 6. Nf3 c5 7. dxc5 Qa5 8. Bd3
Qxc5 9. Qe2 Bg4 10. Be3 Qh5 11. O-O Nc6 12. h3 Bxf3 13. Rxf3 Nd7 14. Nd5 e6 15.
Qf2 exd5 16. g4 Qh6 17. cxd5 Nc5 18. Bb1 f5 19. dxc6 fxe4 20. Rg3 bxc6 21. Bc2
Rab8 22. Rb1 g5 23. f5 Be5 24. Rg2 Qxh3 25. Bxc5 dxc5 26. Qxc5 Bc7 27. Qc4+ Rf7
28. Qxe4 Kf8 29. Re1 Rxb2 30. Qe8+ Kg7 31. f6+ Kh6 32. Re3 Bb6 33. Rh2 Bxe3+
34. Qxe3 Qxh2+ 35. Kxh2 Rxc2+ 36. Kg3 Rxf6 37. Qe8 Rc5 38. Qe7 Rc3+ 39. Kg2
Rc2+ 40. Kg1 Rcf2 41. Qe8 Rf7 42. Qe5 R2f6 43. Qc5 Kg6 44. Qc2+ Kg7 45. Qc5 h6
46. Qe5 Kg8 47. a4 Rf4 48. Qe8+ Kh7 49. Qe6 c5 50. a5 c4 51. Qc8 c3 52. Qxc3
Rxg4+ 53. Kh2 Rgf4 54. Qd3+ R4f5 55. a6 h5 0-1

[Event "Mitropa Cup 25th"]
[Site "Brno"]
[Date "2006.09.14"]
[Round "8.2"]
[White "Manca, Federico"]
[Black "Sakelsek, Tadej"]
[Result "1/2-1/2"]
[WhiteElo "2425"]
[BlackElo "2432"]
[PlyCount "48"]
[EventDate "2006.09.07"]
[EventType "team-tourn"]
[EventRounds "9"]
[EventCountry "CZE"]
[Source "ChessBase"]
[SourceDate "2006.11.03"]
[WhiteTeam "Italy"]
[BlackTeam "Slovenia"]
[WhiteTeamCountry "ITA"]
[BlackTeamCountry "SLO"]

1. e4 e5 2. Nf3 Nf6 3. Nxe5 d6 4. Nf3 Nxe4 5. d4 d5 6. Bd3 Be7 7. O-O Nc6 8. c4
Nb4 9. cxd5 Nxd3 10. Qxd3 Qxd5 11. Re1 Bf5 12. Nc3 Nxc3 13. Qxc3 Be6 14. Re5
Qc6 15. Qe1 Rd8 16. Bg5 Bxg5 17. Nxg5 O-O 18. Rc1 Qd7 19. Qe4 g6 20. Rxe6 fxe6
21. Qxe6+ Kh8 22. Qe5+ Kg8 23. Qe6+ Kh8 24. Qe5+ Kg8 1/2-1/2

[Event "Mitropa Cup 25th"]
[Site "Brno"]
[Date "2006.09.14"]
[Round "8.1"]
[White "Jenni, Florian"]
[Black "Petrik, Tomas"]
[Result "1-0"]
[WhiteElo "2481"]
[BlackElo "2523"]
[PlyCount "69"]
[EventDate "2006.09.07"]
[EventType "team-tourn"]
[EventRounds "9"]
[EventCountry "CZE"]
[Source "ChessBase"]
[SourceDate "2006.11.03"]
[WhiteTeam "Switzerland"]
[BlackTeam "Slovakia"]
[WhiteTeamCountry "SUI"]
[BlackTeamCountry "SVK"]

1. e4 e6 2. d4 d5 3. Nc3 Bb4 4. e5 c5 5. a3 Bxc3+ 6. bxc3 Ne7 7. Nf3 Bd7 8. a4
Nbc6 9. Be2 Qa5 10. Bd2 c4 11. O-O f6 12. exf6 gxf6 13. Bf4 Ng6 14. Bd6 O-O-O
15. Qd2 Rhg8 16. Rfb1 e5 17. dxe5 fxe5 18. Rb5 Qa6 19. Rab1 Be6 20. Ng5 Bf5 21.
Nf7 Nf4 22. g3 Rd7 23. Nh6 Rxd6 24. Nxf5 Rf6 25. Ne3 Nh3+ 26. Kg2 Nf4+ 27. Kh1
Nxe2 28. Qxe2 Rgf8 29. Qg4+ Kb8 30. Rxb7+ Qxb7 31. Rxb7+ Kxb7 32. Qd7+ Ka6 33.
Nxd5 Rg6 34. Nb4+ Kb6 35. Nd5+ 1-0

[Event "Mitropa Cup 25th"]
[Site "Brno"]
[Date "2006.09.14"]
[Round "8.1"]
[White "Jurcik, Marian"]
[Black "Moor, Olivier"]
[Result "0-1"]
[WhiteElo "2328"]
[BlackElo "2388"]
[PlyCount "94"]
[EventDate "2006.09.07"]
[EventType "team-tourn"]
[EventRounds "9"]
[EventCountry "CZE"]
[Source "ChessBase"]
[SourceDate "2006.11.03"]
[WhiteTeam "Slovakia"]
[BlackTeam "Switzerland"]
[WhiteTeamCountry "SVK"]
[BlackTeamCountry "SUI"]

1. d4 e6 2. c4 Nf6 3. Nc3 d5 4. cxd5 exd5 5. Bg5 c6 6. e3 Be7 7. Bd3 Nbd7 8.
Qc2 Nh5 9. Bxe7 Qxe7 10. Nge2 g6 11. O-O-O Nb6 12. Ng3 Ng7 13. Kb1 Be6 14. Na4
Qb4 15. Nc5 Nd7 16. a3 Qb6 17. Nxd7 Bxd7 18. Ne2 O-O-O 19. Nc3 Bf5 20. Na4 Qc7
21. Nc5 Kb8 22. Ka2 Ka8 23. b4 Rc8 24. g3 Qe7 25. Rb1 Bxd3 26. Qxd3 Nf5 27.
Rhc1 Nd6 28. Rc3 h5 29. f3 Rhe8 30. Re1 Qf6 31. Qd1 Qf5 32. Qe2 Qg5 33. Qd3 Qf6
34. Qd1 Rcd8 35. a4 b6 36. Na6 Rc8 37. b5 c5 38. Qc1 c4 39. Qd1 Qe6 40. Nb4 Kb7
41. Qe2 Rc7 42. Qg2 f5 43. Nc6 a6 44. Ne5 axb5 45. axb5 Nxb5 46. Rcc1 Ra8+ 47.
Kb2 Qd6 0-1

[Event "Mitropa Cup 25th"]
[Site "Brno"]
[Date "2006.09.14"]
[Round "8.1"]
[White "Meszaros, Michal"]
[Black "Ekstroem, Roland"]
[Result "0-1"]
[WhiteElo "2420"]
[BlackElo "2461"]
[PlyCount "56"]
[EventDate "2006.09.07"]
[EventType "team-tourn"]
[EventRounds "9"]
[EventCountry "CZE"]
[Source "ChessBase"]
[SourceDate "2006.11.03"]
[WhiteTeam "Slovakia"]
[BlackTeam "Switzerland"]
[WhiteTeamCountry "SVK"]
[BlackTeamCountry "SUI"]

1. e4 d5 2. exd5 Nf6 3. Nf3 Nxd5 4. d4 Bg4 5. h3 Bh5 6. c4 Nb6 7. Nc3 e6 8. g4
Bg6 9. Ne5 c5 10. Bg2 cxd4 11. Nb5 N8d7 12. Bf4 Bb4+ 13. Kf1 Nxe5 14. Bxe5 O-O
15. Bxb7 Nxc4 16. Bc7 Qd7 17. Qa4 a5 18. Bxa8 Rxa8 19. Kg1 Be4 20. a3 Qd5 21.
f3 Bxf3 22. Rh2 Bc5 23. Bg3 Nb6 24. Nc7 Nxa4 25. Nxd5 Bxd5 26. Rc1 d3+ 27. Kf1
Be3 28. Rd1 Bb3 0-1

[Event "Mitropa Cup 25th"]
[Site "Brno"]
[Date "2006.09.14"]
[Round "8.1"]
[White "Wirthensohn, Heinz"]
[Black "Michalik, Peter"]
[Result "1/2-1/2"]
[WhiteElo "2397"]
[BlackElo "2330"]
[PlyCount "84"]
[EventDate "2006.09.07"]
[EventType "team-tourn"]
[EventRounds "9"]
[EventCountry "CZE"]
[Source "ChessBase"]
[SourceDate "2006.11.03"]
[WhiteTeam "Switzerland"]
[BlackTeam "Slovakia"]
[WhiteTeamCountry "SUI"]
[BlackTeamCountry "SVK"]

1. Nf3 Nf6 2. c4 c5 3. Nc3 Nc6 4. e3 e6 5. d4 cxd4 6. exd4 d5 7. cxd5 Nxd5 8.
Bc4 Nxc3 9. bxc3 Be7 10. O-O O-O 11. Re1 b6 12. Bd3 Bb7 13. h4 Rc8 14. Ng5 g6
15. Nxh7 Kxh7 16. Qh5+ Kg8 17. Bxg6 fxg6 18. Qxg6+ Kh8 19. Re4 Bf6 20. Qh5+ Kg8
21. Rg4+ Bg7 22. Rxg7+ Kxg7 23. Bh6+ Kh7 24. Bg5+ Kg7 25. Qh6+ Kf7 26. Qh5+ Kg7
27. Bxd8 Nxd8 28. Re1 Bd5 29. Re3 Nf7 30. a3 Kf6 31. Qg4 Ke7 32. h5 Nd6 33.
Qg7+ Rf7 34. Qg5+ Kd7 35. h6 Rcf8 36. f3 Nf5 37. Re5 Rh7 38. Qf4 Rff7 39. Qc1
Rf6 40. c4 Bxf3 41. Rxf5 Rxf5 42. gxf3 Rff7 1/2-1/2

[Event "Mitropa Cup 25th"]
[Site "Brno"]
[Date "2006.09.15"]
[Round "9.3"]
[White "Berczes, David"]
[Black "Bosiocic, Marin"]
[Result "0-1"]
[WhiteElo "2461"]
[BlackElo "2433"]
[PlyCount "108"]
[EventDate "2006.09.07"]
[EventType "team-tourn"]
[EventRounds "9"]
[EventCountry "CZE"]
[Source "ChessBase"]
[SourceDate "2006.11.03"]
[WhiteTeam "Hungary"]
[BlackTeam "Croatia"]
[WhiteTeamCountry "HUN"]
[BlackTeamCountry "CRO"]

1. d4 Nf6 2. c4 g6 3. Nc3 Bg7 4. e4 d6 5. Be2 O-O 6. Nf3 e5 7. O-O Na6 8. Re1
c6 9. Bf1 Bg4 10. d5 cxd5 11. cxd5 Ne8 12. h3 Bd7 13. a3 Nac7 14. g3 f5 15.
exf5 gxf5 16. Nh4 Nf6 17. f4 e4 18. Be3 b5 19. Qd2 Qe8 20. Kh2 Qf7 21. Red1
Rfc8 22. Rac1 a5 23. a4 bxa4 24. Bc4 Rab8 25. Bd4 Kh8 26. Ng2 Rg8 27. Ne3 Nh5
28. Rg1 Bf6 29. Ne2 Qg7 30. Bxf6 Qxf6 31. Nd4 Rb4 32. Rc2 h6 33. Rg2 Rg7 34.
Qc3 Qg6 35. Rcf2 Nf6 36. g4 fxg4 37. f5 Qh5 38. Ne6 Qxh3+ 39. Kg1 Rxc4 40. Nxc4
Qxc3 41. bxc3 Bxe6 42. dxe6 d5 43. Ne5 h5 44. Rb2 Kh7 45. Rb6 Nce8 46. Ra2 g3
47. Ng6 Rc7 48. Ra3 e3 49. Nf4 Kh6 50. e7 Rxe7 51. Nxd5 e2 52. Ra1 e1=Q+ 53.
Rxe1 Rxe1+ 54. Kg2 Kg5 0-1

[Event "Mitropa Cup 25th"]
[Site "Brno"]
[Date "2006.09.15"]
[Round "9.3"]
[White "Jankovic, Alojzije"]
[Black "Erdos, Viktor"]
[Result "1/2-1/2"]
[WhiteElo "2525"]
[BlackElo "2528"]
[PlyCount "52"]
[EventDate "2006.09.07"]
[EventType "team-tourn"]
[EventRounds "9"]
[EventCountry "CZE"]
[Source "ChessBase"]
[SourceDate "2006.11.03"]
[WhiteTeam "Croatia"]
[BlackTeam "Hungary"]
[WhiteTeamCountry "CRO"]
[BlackTeamCountry "HUN"]

1. d4 d5 2. c4 c6 3. Nc3 Nf6 4. e3 a6 5. Nf3 Bf5 6. Qb3 Ra7 7. Nh4 Bg6 8. Nxg6
hxg6 9. g3 e6 10. Bg2 Be7 11. O-O O-O 12. e4 dxe4 13. Rd1 Nbd7 14. Nxe4 Nxe4
15. Bxe4 Qc7 16. Be3 b6 17. Bf4 Bd6 18. Bxd6 Qxd6 19. Rac1 c5 20. Qa3 a5 21.
dxc5 Qxc5 22. Qxc5 Nxc5 23. Bc6 Rc7 24. Rd6 Rb8 25. Rcd1 Kf8 26. a3 Nb7 1/2-1/2

[Event "Mitropa Cup 25th"]
[Site "Brno"]
[Date "2006.09.15"]
[Round "9.3"]
[White "Papp, Gabor"]
[Black "Brkic, Ante"]
[Result "1-0"]
[WhiteElo "2481"]
[BlackElo "2547"]
[PlyCount "49"]
[EventDate "2006.09.07"]
[EventType "team-tourn"]
[EventRounds "9"]
[EventCountry "CZE"]
[Source "ChessBase"]
[SourceDate "2006.11.03"]
[WhiteTeam "Hungary"]
[BlackTeam "Croatia"]
[WhiteTeamCountry "HUN"]
[BlackTeamCountry "CRO"]

1. e4 c5 2. Nf3 d6 3. d4 cxd4 4. Nxd4 Nf6 5. Nc3 a6 6. Be3 e5 7. Nde2 Be7 8.
Ng3 Be6 9. Be2 O-O 10. O-O Nbd7 11. Qd2 Rc8 12. a4 Nb6 13. Rfd1 Nc4 14. Bxc4
Rxc4 15. b3 Rc8 16. Bg5 Nd7 17. Bxe7 Qxe7 18. Nf5 Qf6 19. Nxd6 Rc6 20. b4 Nb6
21. Nxb7 Bg4 22. Rdb1 Nc4 23. Qd3 Qg5 24. Nd5 Nd2 25. f4 1-0

[Event "Mitropa Cup 25th"]
[Site "Brno"]
[Date "2006.09.15"]
[Round "9.2"]
[White "Gozzoli, Yannick"]
[Black "Cech, Pavel"]
[Result "1/2-1/2"]
[WhiteElo "2470"]
[BlackElo "2417"]
[PlyCount "61"]
[EventDate "2006.09.07"]
[EventType "team-tourn"]
[EventRounds "9"]
[EventCountry "CZE"]
[Source "ChessBase"]
[SourceDate "2006.11.03"]
[WhiteTeam "France"]
[BlackTeam "Czech Republic"]
[WhiteTeamCountry "FRA"]
[BlackTeamCountry "CZE"]

1. d4 d5 2. c4 c6 3. Nc3 Nf6 4. e3 g6 5. Nf3 Bg7 6. Be2 O-O 7. O-O Nbd7 8. cxd5
Nxd5 9. e4 Nxc3 10. bxc3 c5 11. Bg5 h6 12. Bh4 Qa5 13. e5 e6 14. Be7 Re8 15.
Bd6 cxd4 16. cxd4 Nb6 17. h4 Bd7 18. h5 g5 19. Rc1 Rac8 20. Rc5 Qxa2 21. Bd3
Rxc5 22. dxc5 Nd5 23. Bb1 Qc4 24. Nd2 Qa4 25. Nb3 Nc3 26. Qd3 Nxb1 27. Rxb1 Bc6
28. Nd4 Bd5 29. Qb5 Qxb5 30. Nxb5 Rd8 31. Nxa7 1/2-1/2